Men and management in contemporary Africa (Record no. 82863)
[ view plain ]
| 000 -LEADER | |
|---|---|
| fixed length control field | 00723nam a2200169 a 4500 |
| 008 - FIXED-LENGTH DATA ELEMENTS--GENERAL INFORMATION | |
| fixed length control field | 120416s1973 ||||||||||||||||| || u |
| 050 ## - LIBRARY OF CONGRESS CALL NUMBER | |
| Classification number | HC 800 Ony |
| 100 ## - MAIN ENTRY--PERSONAL NAME | |
| Personal name | Onyemelukwe, Clement Chukwukadibia |
| 245 10 - TITLE STATEMENT | |
| Title | Men and management in contemporary Africa |
| 260 ## - PUBLICATION, DISTRIBUTION, ETC. | |
| Place of publication, distribution, etc. | London |
| Name of publisher, distributor, etc. | Longman |
| Date of publication, distribution, etc. | 1973 |
| 300 ## - PHYSICAL DESCRIPTION | |
| Extent | xiii, 189p. |
| 350 ## - | |
| -- | 0.00 |
| 650 ## - SUBJECT ADDED ENTRY--TOPICAL TERM | |
| Topical term or geographic name entry element | ECONOMICS--PROJECT MANAGEMENT |
| 650 #0 - SUBJECT ADDED ENTRY--TOPICAL TERM | |
| Topical term or geographic name entry element | ECONOMICS |
| 995 ## - | |
| -- | ANNEX COLLECTION (Main Library) |
| -- | 0.00 |
| -- | 710080 |
| -- | CBU-MAIN LIBRARY (Kitwe) |
| -- | 2 |
| -- | 0.00 |
| -- | HC 800 Ony |
| -- | 1 |
| -- | AVAILABLE |
| -- | 003292 |
| -- | Annex Low-Usage Collection |
| 995 ## - | |
| -- | ANNEX COLLECTION (Main Library) |
| -- | 0.00 |
| -- | 700125 |
| -- | CBU-MAIN LIBRARY (Kitwe) |
| -- | 1 |
| -- | 0.00 |
| -- | HC 800 Ony |
| -- | 2 |
| -- | AVAILABLE |
| -- | 003291 |
| -- | Annex Low-Usage Collection |
| 999 ## - | |
| -- | 82863 |
| -- | 82863 |
| Withdrawn status | Lost status | Source of classification or shelving scheme | Damaged status | Not for loan | Permanent Location | Current Location | Shelving location | Date acquired | Total Checkouts | Full call number | Barcode | Date last seen | Copy number | Price effective from | Koha item type |
|---|---|---|---|---|---|---|---|---|---|---|---|---|---|---|---|
| CBU-MAIN LIBRARY, KITWE. | CBU-MAIN LIBRARY, KITWE. | 09/29/2023 | HC 800 Ony | 003292 | 09/29/2023 | 1 | 09/29/2023 | MONOGRAPH | |||||||
| CBU-MAIN LIBRARY, KITWE. | CBU-MAIN LIBRARY, KITWE. | 09/29/2023 | HC 800 Ony | 003291 | 09/29/2023 | 2 | 09/29/2023 | MONOGRAPH |